Fr. Conceicao Rodrigues College of Engineering

Analysis design and implementation of information system (Record no. 24873)

MARC details
000 -LEADER
fixed length control field 00323nam a2200133Ia 4500
082 ## - DEWEY DECIMAL CLASSIFICATION NUMBER
Classification number 658.40388
Item number LUC
100 ## - MAIN ENTRY--PERSONAL NAME
Personal name Lucas/Henry/C
245 ## - TITLE STATEMENT
Title Analysis design and implementation of information system
260 ## - PUBLICATION, DISTRIBUTION, ETC.
Name of publisher, distributor, etc. McGraw Hill
Place of publication, distribution, etc. New York
Date of publication, distribution, etc. 1985
300 ## - PHYSICAL DESCRIPTION
Extent 495
546 ## - LANGUAGE NOTE
Language note ENGLISH
654 ## - SUBJECT ADDED ENTRY--FACETED TOPICAL TERMS
Focus term analysis
942 ## - ADDED ENTRY ELEMENTS (KOHA)
Koha item type BOOK
Holdings
Withdrawn status Lost status Damaged status Not for loan Collection Home library Current library Date acquired Cost, normal purchase price Total Checkouts Full call number Barcode Date last seen Cost, replacement price Price effective from Koha item type
        CRC Fr. Agnel's C.Rodrigues College of Engineering Fr. Agnel's C.Rodrigues College of Engineering 17/03/2023 116.45   658.40388 LUC 1444 17/03/2023 116.45 17/03/2023 BOOK